1869 1090 1761 1008 1221 1922 1308 1124 1108 1534 1568 1914 1981 1194 1227 1282 1497 1863 1710 1764 1463 1709 1050 1554 1315 1249 1965 1914 1793 1274 1589 1116 1929 1343 1851 1569 1792 1083 1110 1001 1725 1309 1414 1634 1332 1228 1464 1005 1324 1030 1456 1487 1876 1090 1208 1412 1343 1622 1945 1965 1164 1197 1538 1020 1553 1036 1650 1256 1094 1513 1439 1235 1647 1540 1112 1869 1698 1905 1269 1097 1977 1831 1658 1152 1433 1054 1590 1654 1147 1829 1698 1537 1764 1631 1367 1855 1862 1970 1772 BCNSPRNW ULIB Ver.6.0+V

เปลี่ยนเป็นภาษาไทย

Change to English
 แสดงรายละเอียดบรรณานุกรม
  กลับหน้าหลัก

Brief Record : Get Marc (ISO 2709) : E-mail record : QR code < ปิดหน้าต่าง
LEADER : 00000nam 2200000uu 4500
001    13399114587
003     ULIB
008    120418s2553||||th 000 0 tha d
020    ^a9786167349053
090    ^aนว.^bอ955M 2553
100 0  ^aแอมเฟตามีน
245 00 ^aMars ปาฏิหาริย์รัก ล็อกหัวใจนายมาดกวน/^cแอมเฟตามีน
250    ^aพิมพ์ครั้งที่ 1
260    ^aกรุงเทพฯ :^bอมรินทร์ บุ๊ค เซ็นเตอร์,^c2553
300    ^a240 หน้า
710 1  ^aอมรินทร์ บุ๊ค เซ็นเตอร์
945    ^p180^l0^i17074
995    ^aกัณชพร
999    ^aใช้งานได้ทุกระบบ
รายการนี้ยังไม่มีแท็ก
คุณยังไม่ได้ล็อกอิน คุณสามารถมีกิจกรรมร่วมกับเว็บไซต์ได้ แต่ต้องล็อกอินก่อน ::
  ล็อกอิน

รายการสื่อสารสนเทศ

ลำดับที่ ประเภท เลขเรียก/บาร์โค้ด สถานที่ สถานะ
1. นวนิยาย
นวนิยาย
นว. อ955M 2553  
  Barcode: 17074
ห้องสมุดวิทยาเขตสวรรค์ประชารักษ์
►นวนิยาย
บนชั้น
  ขอยืม

รายการใกล้เคียง
    ผู้แต่ง [แอมเฟตามีน]

BibComment


ยังไม่เคยถูกคอมเมนท์

คอมเมนท์ทรัพยากรรายการนี้
  คอมเมนท์: Mars ปาฏิหาริย์ร..


 Copyright 2026. Bcnsprnw @Library